Redescubrimiento del hombre

Guardat en:
Dades bibliogràfiques
Autor principal: Frank, Waldo (Autor)
Format: Llibre
Idioma:espanyol
Publicat: Madrid Aguilar 1961
Edició:1a. ed
Matèries:
Etiquetes: Afegir etiqueta
Sense etiquetes, Sigues el primer a etiquetar aquest registre!

MARC

LEADER 00000cam a2200000 a 4500
001 UCZ3636
003 CL-VaPUC
008 951027e19610000SP |||||||||||||||||spa|d
082 0 4 |a 108  |b FRA  |2 21 
100 0 |a Frank, Waldo  |e author  |9 347431 
245 1 0 |a Redescubrimiento del hombre 
246 1 0 |a Memoria y metodología de la vida moderna 
250 |a 1a. ed 
300 |a 460 p 
942 |c BK 
945 |d 19951027 00:00:00  |a rleighto 
260 |a Madrid  |b Aguilar  |c 1961 
650 0 |a Filosofía   |9 223554 
650 0 |a Psicología   |9 257863 
650 0 |a Universo  |9 266563 
651 0 |a Estados Unidos  |9 255178 
651 0 |a Italia  |9 254949 
651 0 |a España  |9 254926 
651 0 |a China   |9 257545 
583 |a last modification  |c 20160615 04:36:53  |k Rodrigo Vera 
999 |c 240091  |d 240089 
952 |0 0  |1 0  |4 0  |6 108_000000000000000_FRA_1961  |7 0  |8 P  |9 251695  |a BIBEDU  |b BIBEDU  |c BIBEDU_PB  |d 2019-11-18  |i 309765K  |o 108 FRA 1961  |p 309765K  |r 2024-01-25  |w 2019-11-18  |y BK  |k FIL 
952 |0 0  |1 0  |3 erb  |4 0  |6 108_000000000000000_FRA_1961  |7 0  |8 A  |9 251696  |a FDOHBE  |b FDOHBE  |e Huesbe Llanos, Marco Antonio, 1934-  |i 5334659  |o 108 FRA 1961  |p 5334659  |r 2024-01-30  |w 2019-11-18  |y BK  |z Catalogado en:20160616  |k HBE